• 首页
  • 本馆介绍
  • 公告通知
  • 最新文献
  • 馆藏检索
  • 电子资源
  • 读者导购
  • 参考咨询
  • 我的图书馆
  • 登录
  • 详细信息显示
  • 放入我的书架
  • 预约/预借图书
  • 作者相关作品
  • 分类相关作品
  • 丛书相关作品
  • 出版社相关作品

书目信息

  • 表格格式
  • 工作单格式
  • 卡片格式
题名:
微机上机操作指南
    
 
作者: 吴金勇 主编
分册:  
出版信息: 南京   南京大学出版社  1995
页数: 219页
开本: 26cm
丛书名:
单 册:
中图分类: TP36
科图分类:
主题词: 微型计算机--操作--基本知识
电子资源:
ISBN: 7-305-02847-9
000 00642nam0 2200229 450
001 0100540723
005 20101122090054.0
010    @a7-305-02847-9@dCNY15.00
011    @a7-305-02847-9
100    @a20021005d1995 em y0chiy0110 ea
101 0  @achi
102    @aCN@b320000
105    @ay z 000yy
106    @ar
200 1  @a微机上机操作指南@9Wei Ji Shang Ji Cao Zuo Zhi Nan;Na @f吴金勇主编@b专著
210    @a南京@c南京大学出版社@d1995
215    @a219页@d26cm
606 0  @a微型计算机@x操作@x基本知识
690    @aTP36@v3
701  0 @a吴金勇@9wu jin yong@4主编
801  0 @aCN@bAiZhiMarc@c19960728
905    @aBZT@dTP@e28@f6@sTP/28
    
    微机上机操作指南/吴金勇主编.-南京:南京大学出版社,1995
    219页;26cm
    
    
    ISBN 7-305-02847-9:CNY15.00
    
●
相关链接 在五车中查询图书 在当当中查询图书 在豆瓣中查询图书


正题名:微机上机操作指南     索取号:TP/28         预约/预借

序号 登录号 条形码 馆藏地/架位号 状态 备注
1 2000047698   2000047698   旧书回溯/ [索取号:TP/28] 在馆    
2 2000102533   2000102533   旧书回溯/ [索取号:TP/28] 在馆    
3 2000102534   2000102534   旧书回溯/ [索取号:TP/28] 在馆    
4 2000102535   2000102535   旧书回溯/ [索取号:TP/28] 在馆    
5 2000102536   2000102536   旧书回溯/ [索取号:TP/28] 在馆    
6 2000102537   2000102537   旧书回溯/ [索取号:TP/28] 在馆    
山东省滨州职业学院图书馆 欢迎您!
大连网信软件有限公司© 版权所有